| 000 | 00978nam a2200253Ia 4500 | ||
|---|---|---|---|
| 005 | 20211111074838.0 | ||
| 008 | 130821s1998 ck gr spa | ||
| 020 | _a9588084040 | ||
| 040 |
_aCo-BoUCM _bspa |
||
| 041 | 0 | 0 | _aspa |
| 060 | _aWY 157.6 | ||
| 245 | 0 | 0 |
_aLimitaciones en la actividad física _cMaría Consuelo Gaitán Angueyra...[et al.] |
| 260 |
_aBogotá (Colombia) _bInstituto de Seguro Social _c1998 |
||
| 300 | _a45 páginas | ||
| 490 |
_aGuía de Intervención en Enfermería basada en la Evidencia Científica _v4 |
||
| 650 | 0 | 4 |
_aDispositivos de autoayuda para personas con discapacidades _913438 |
| 650 | 0 | 4 |
_aEnfermería _914489 |
| 650 | 0 | 4 |
_aPersonas con discapacidades físicas _921437 |
| 700 | 1 |
_aCarrillo Algarra, Ana Julia _9163684 |
|
| 700 | 1 |
_aGaitán Angueyra, María Consuelo _9163685 |
|
| 700 | 1 |
_aRodríguez de López, Leonor _9163686 |
|
| 700 | 1 |
_aVega León, Jorge Hernán _9163687 |
|
| 942 |
_cLIBRO _a15 _e1 _mL734 _2NLM _hWY 157.6 _n0 |
||
| 999 |
_c53620 _d53620 |
||